[Event "Linares"]
[Site "?"]
[Date "1993.??.??"]
[Round "?"]
[White "Karpov, An"]
[Black "Kasparov, Garry"]
[Result "0-1"]
[WhiteElo "2725"]
[BlackElo "2805"]
[PlyCount "54"]
[EventDate "1993.??.??"]
[Source "ChessBase"]
[SourceDate "1993.02.01"]

1. d4 Nf6 2. c4 g6 3. Nc3 Bg7 4. e4 d6 5. f3 O-O 6. Be3 e5 7. Nge2 Nbd7 8. Qd2 c6 9. Rd1 a6 10. dxe5 Nxe5 11. b3 b5 12. cxb5 axb5 13. Qxd6 Nfd7 14. f4 b4 15. Nb1 Ng4 16. Bd4 Bxd4 17. Qxd4 Rxa2 18. h3 c5 19. Qg1 Ngf6 20. e5 Ne4 21. h4 c4 22. Nc1 c3 23. Nxa2 c2 24. Qd4 cxd1=Q+ 25. Kxd1 Ndc5 26. Qxd8 Rxd8+ 27. Kc2 Nf2 0-1

[Event "Baden_Baden (m)"]
[Site "?"]
[Date "1992.??.??"]
[Round "?"]
[White "Kasparov, Garry"]
[Black "Hort, V."]
[Result "1/2-1/2"]
[WhiteElo "2780"]
[BlackElo "2560"]
[PlyCount "45"]
[EventDate "1992.??.??"]
[Source "ChessBase"]
[SourceDate "1992.02.01"]

1. d4 d6 2. e4 Nf6 3. f3 g6 4. c4 Bg7 5. Nc3 O-O 6. Be3 e5 7. Nge2 c6 8. Qd2 a6 9. dxe5 dxe5 10. Qxd8 Rxd8 11. Na4 Nbd7 12. c5 Nf8 13. Nc1 Be6 14. Nb6 Rab8 15. Nc4 Nh5 16. Nb3 Nf4 17. Nba5 Bxc4 18. Nxc4 N4e6 19. Rc1 Nd4 20. b4 Nfe6 21. a3 f5 22. Na5 Bf6 23. Bc4 1/2-1/2

[Event "Novosibirsk RUS"]
[Site "Novosibirsk RUS"]
[Date "1993.??.??"]
[Round "?"]
[White "Beliavsky, Alexander G"]
[Black "Dolmatov, Sergey V"]
[Result "1/2-1/2"]
[WhiteElo "2610"]
[BlackElo "2615"]
[PlyCount "56"]
[EventDate "1993.??.??"]
[Source "www.chesslib.no"]
[SourceDate "2004.05.04"]

1. d4 Nf6 2. c4 g6 3. Nc3 Bg7 4. e4 d6 5. f3 O-O 6. Be3 e5 7. Nge2 c6 8. Qd2 Nbd7 9. O-O-O a6 10. Bh6 Bxh6 11. Qxh6 b5 12. h4 Qa5 13. h5 b4 14. Nb1 Qxa2 15. Rd2 Qxc4+ 16. Rc2 Qe6 17. g4 Qe7 18. Ng3 exd4 19. g5 Ng4 20. fxg4 Ne5 21. hxg6 fxg6 22. Nf5 gxf5 23. gxf5 Bxf5 24. exf5 Rxf5 25. g6 Raf8 26. gxh7+ Kh8 27. Bxa6 c5 28. b3 d3 1/2-1/2

[Event "Kemerovo1"]
[Site "Kemerovo"]
[Date "1995.??.??"]
[Round "3"]
[White "Graf, Alexander"]
[Black "Dolmatov, Sergey"]
[Result "1/2-1/2"]
[WhiteElo "2585"]
[BlackElo "2615"]
[PlyCount "56"]
[EventDate "1995.08.??"]
[Source "ChessBase"]

1. d4 Nf6 2. c4 g6 3. Nc3 Bg7 4. e4 d6 5. f3 O-O 6. Be3 e5 7. Nge2 c6 8. Qd2 Nbd7 9. O-O-O a6 10. Kb1 b5 11. c5 Qe7 12. dxe5 dxe5 13. Qd6 Qxd6 14. Rxd6 Bb7 15. Rd1 Rad8 16. Nc1 Nb8 17. Be2 Nh5 18. g3 Bf6 19. b4 Bc8 20. Nb3 Ng7 21. Kc2 Rxd1 22. Nxd1 Bd8 23. Nf2 f5 24. Rd1 Kf7 25. f4 Bc7 26. fxe5 Bxe5 27. Nd3 Bc7 28. Rf1 Re8 1/2-1/2

[Event "Chalkidiki"]
[Site "?"]
[Date "1992.??.??"]
[Round "?"]
[White "Khenkin, I."]
[Black "Akopian, V."]
[Result "1/2-1/2"]
[WhiteElo "2570"]
[BlackElo "2600"]
[PlyCount "46"]
[EventDate "1992.??.??"]
[Source "ChessBase"]
[SourceDate "1992.06.01"]

1. d4 Nf6 2. c4 g6 3. Nc3 Bg7 4. e4 O-O 5. f3 d6 6. Be3 e5 7. Nge2 c6 8. Qd2 Nbd7 9. O-O-O a6 10. Kb1 b5 11. Nc1 exd4 12. Bxd4 Re8 13. Be3 b4 14. N3e2 d5 15. exd5 cxd5 16. cxd5 Nb6 17. Bxb6 Qxb6 18. Nf4 Qd6 19. g3 g5 20. Ng2 Bf5+ 21. Bd3 Qxd5 22. Bxf5 Qxf5+ 23. Qd3 Qg6 1/2-1/2

[Event "Kavala"]
[Site "?"]
[Date "1997.??.??"]
[Round "?"]
[White "Nenashev, A."]
[Black "Kotronias, V."]
[Result "1/2-1/2"]
[WhiteElo "2585"]
[BlackElo "2585"]
[PlyCount "49"]
[EventDate "1997.??.??"]
[Source "ChessBase"]
[SourceDate "1997.06.01"]

1. d4 Nf6 2. c4 g6 3. Nc3 Bg7 4. e4 d6 5. f3 O-O 6. Be3 e5 7. Nge2 c6 8. Qd2 Nbd7 9. O-O-O a6 10. Kb1 b5 11. c5 Qe7 12. dxe5 dxe5 13. Qd6 Qxd6 14. Rxd6 Ne8 15. Rd2 Nc7 16. Nc1 Ne6 17. Nb3 a5 18. Rd6 a4 19. Nc1 Nd4 20. Nd3 Re8 21. Ne2 Bf8 22. Nxd4 exd4 23. Rxd4 Nxc5 24. Nxc5 Bxc5 25. Rd3 1/2-1/2

[Event "Bled op 21st"]
[Site "Bled"]
[Date "2000.03.28"]
[Round "4"]
[White "Bu Xiangzhi"]
[Black "Kozul, Zdenko"]
[Result "0-1"]
[WhiteElo "2565"]
[BlackElo "2597"]
[PlyCount "120"]
[EventDate "2000.03.25"]
[Source "www.chesslib.no"]
[SourceDate "2004.05.04"]

1. d4 Nf6 2. c4 g6 3. Nc3 Bg7 4. e4 d6 5. f3 O-O 6. Be3 e5 7. Nge2 c6 8. Qd2 Qc7 9. O-O-O b5 10. cxb5 cxb5 11. Kb1 Qb7 12. dxe5 dxe5 13. Nc1 a6 14. Nb3 Nc6 15. Nc5 Qb8 16. Qd6 Qxd6 17. Rxd6 Nd4 18. Bxd4 exd4 19. Rxd4 Ng4 20. Rd5 Ne3 21. Rd2 Bh6 22. Rd4 Be6 23. Nxe6 fxe6 24. a4 Bg7 25. Rd3 Nc4 26. Rd7 Nb6 27. Rc7 Bxc3 28. Rxc3 Nxa4 29. Rc6 Rfc8 30. Rxe6 Rd8 31. Be2 Rd2 32. Bd1 Rxb2+ 33. Ka1 Rxg2 34. Bxa4 bxa4 35. Rc1 Ra7 36. h4 Rf7 37. Rxa6 Rxf3 38. Rxa4 Rf4 39. Ra7 h5 40. e5 Re2 41. Rg1 Kf8 42. Ra6 Rxe5 43. Raxg6 Rxh4 44. Kb2 Rh3 45. R6g3 Rxg3 46. Rxg3 Rc5 47. Kb3 Kf7 48. Kb4 Rc8 49. Rg5 Rh8 50. Kc3 Kf6 51. Rg1 Rd8 52. Rh1 Kg5 53. Rg1+ Kf4 54. Rh1 Kg4 55. Rg1+ Kf3 56. Rh1 Rh8 57. Kd2 h4 58. Rf1+ Kg2 59. Rf7 h3 60. Rg7+ Kf2 0-1

[Event "Greece"]
[Site "?"]
[Date "1996.??.??"]
[Round "?"]
[White "Atalik, S."]
[Black "Kotronias, V."]
[Result "1/2-1/2"]
[WhiteElo "2535"]
[BlackElo "2610"]
[PlyCount "185"]
[EventDate "1996.??.??"]
[Source "ChessBase"]
[SourceDate "1996.02.01"]

1. d4 Nf6 2. c4 g6 3. Nc3 Bg7 4. e4 d6 5. f3 O-O 6. Be3 e5 7. Nge2 c6 8. Qd2 Nbd7 9. O-O-O a6 10. Kb1 b5 11. c5 b4 12. Na4 d5 13. dxe5 Nxe5 14. Nb6 Rb8 15. Nf4 g5 16. Nd3 Nxd3 17. Bxd3 dxe4 18. Bxe4 Qxd2 19. Bxd2 Nxe4 20. fxe4 Bg4 21. Rde1 Rfe8 22. Kc1 Bf8 23. Na4 Re5 24. h4 f6 25. Re3 h5 26. hxg5 fxg5 27. Rhe1 a5 28. Kc2 Rbe8 29. a3 Bxc5 30. Nxc5 Rxc5+ 31. Kb1 Rc4 32. axb4 axb4 33. Rb3 c5 34. Bxg5 Bf5 35. Rbe3 Rexe4 36. Ka2 Be6 37. b3 Rxe3 38. Rxe3 Rc2+ 39. Ka1 Kf7 40. g3 c4 41. Rf3+ Ke8 42. bxc4 Bxc4 43. Rf6 b3 44. Rd6 Rc3 45. Bf4 Rf3 46. Rd4 Be6 47. Kb2 Kf7 48. Ka3 Kf6 49. Bd6 Kf5 50. Rd2 Rf1 51. Kb2 Rf3 52. Bc7 Bc4 53. Rh2 Bf7 54. Re2 Kg6 55. Rd2 Be6 56. Rh2 Rf7 57. Bf4 Ra7 58. Kc3 Ra4 59. Re2 Kf7 60. Rf2 Ke7 61. Re2 Ra6 62. Rh2 Ra5 63. Rf2 Rc5+ 64. Kb2 Rf5 65. Kc3 Rb5 66. Bh6 Kd7 67. Bf4 Kc6 68. Rd2 Bd5 69. Rh2 Bf7 70. Rf2 Bg6 71. Rd2 Bf5 72. Re2 Bg4 73. Re5 Rb7 74. Kb2 Bd1 75. Re6+ Kc5 76. Rd6 Bg4 77. Rd8 Kc4 78. Ra8 Be6 79. Ra1 Bd5 80. Rc1+ Kd3 81. Rd1+ Ke4 82. Re1+ Kf3 83. Re3+ Kg4 84. Re5 Bf7 85. Rg5+ Kh3 86. Rg7 Kg2 87. Bc1 Ra7 88. Kb1 Kf3 89. Bb2 Re7 90. Bc1 Rd7 91. Kb2 Ke2 92. Kb1 Kd3 93. Kb2 1/2-1/2

[Event "Athens"]
[Site "?"]
[Date "1993.??.??"]
[Round "?"]
[White "Atalik, S."]
[Black "Kotronias, V."]
[Result "1/2-1/2"]
[WhiteElo "2535"]
[BlackElo "2590"]
[PlyCount "61"]
[EventDate "1993.??.??"]
[Source "ChessBase"]
[SourceDate "1993.10.01"]

1. d4 Nf6 2. c4 g6 3. Nc3 Bg7 4. e4 d6 5. f3 O-O 6. Be3 e5 7. Nge2 c6 8. Qd2 Nbd7 9. d5 cxd5 10. Nxd5 Nxd5 11. Qxd5 Nf6 12. Qd2 b5 13. Nc3 bxc4 14. Bxc4 Be6 15. Bb3 Qb8 16. O-O Bxb3 17. axb3 Qxb3 18. Bxa7 Bh6 19. Qxh6 Rxa7 20. Rxa7 Qb6+ 21. Rf2 Qxa7 22. g4 Rb8 23. Kg2 Qe7 24. Rd2 Rb3 25. Rc2 Qb7 26. Qd2 h6 27. h4 Kh7 28. Qxd6 Rxb2 29. Re2 Rxe2+ 30. Nxe2 Qb2 31. Qxf6 1/2-1/2

[Event "Linares Anibal op 8th"]
[Site "Linares"]
[Date "2001.01.16"]
[Round "9"]
[White "Riazantsev, Alexander"]
[Black "Sakaev, Konstantin"]
[Result "1/2-1/2"]
[WhiteElo "2485"]
[BlackElo "2639"]
[PlyCount "49"]
[EventDate "2001.01.08"]
[Source "ChessBase"]
[SourceDate "2001.03.20"]

1. d4 Nf6 2. c4 g6 3. Nc3 Bg7 4. e4 d6 5. f3 O-O 6. Be3 e5 7. Nge2 c6 8. Qd2 Nbd7 9. O-O-O a6 10. Kb1 b5 11. Nc1 exd4 12. Bxd4 Re8 13. Bf2 Bf8 14. h4 Ne5 15. c5 a5 16. cxd6 a4 17. a3 Be6 18. Bg3 Bb3 19. Nxb3 axb3 20. Qd4 Ned7 21. Qb4 Nh5 22. Bf2 Qf6 23. Qxb3 Bxd6 24. g4 Nf4 25. Be3 1/2-1/2

[Event "Karditsa"]
[Site "?"]
[Date "1994.??.??"]
[Round "?"]
[White "Atalik, S."]
[Black "Mozetic, D."]
[Result "1-0"]
[WhiteElo "2530"]
[BlackElo "2585"]
[PlyCount "71"]
[EventDate "1994.??.??"]
[Source "ChessBase"]
[SourceDate "1994.02.01"]

1. d4 Nf6 2. c4 g6 3. Nc3 Bg7 4. e4 d6 5. f3 O-O 6. Be3 e5 7. Nge2 c6 8. Qb3 Nbd7 9. O-O-O a6 10. dxe5 Nxe5 11. f4 Neg4 12. Bc5 Qe8 13. Bxd6 Nf2 14. Ng3 Nxh1 15. Nxh1 Nxe4 16. Nxe4 Qxe4 17. Ng3 Qe6 18. Bxf8 Bxf8 19. Qc3 b5 20. Kb1 b4 21. Qd2 Ra7 22. Re1 Qd7 23. Qe3 Qe7 24. Qf2 Be6 25. f5 gxf5 26. Nh5 h6 27. h4 c5 28. Bd3 Rd7 29. Qg3+ Kh7 30. Re3 Rd4 31. Qe5 Qd8 32. Rg3 Rxd3 33. Rg7+ Kh8 34. Rxf7+ Kg8 35. Rg7+ Kh8 36. Re7+ 1-0

[Event "EU-ch 4th"]
[Site "?"]
[Date "2003.05.30"]
[Round "1"]
[White "Istratescu Andrei"]
[Black "Del Rio Angelis Salvador Gabr"]
[Result "1/2-1/2"]
[WhiteElo "2593"]
[BlackElo "2490"]
[PlyCount "144"]
[EventDate "2003.??.??"]
[Source "www.chesslib.no"]
[SourceDate "2004.05.04"]

1. d4 Nf6 2. c4 g6 3. Nc3 Bg7 4. e4 O-O 5. Be3 d6 6. f3 e5 7. Nge2 c6 8. Qd2 exd4 9. Nxd4 d5 10. cxd5 cxd5 11. e5 Ne8 12. Bg5 f6 13. exf6 Nxf6 14. Bb5 Nc6 15. O-O Nxd4 16. Qxd4 Ne4 17. Qxg7+ Kxg7 18. Bxd8 Nxc3 19. bxc3 Rxd8 20. Rfe1 Kf6 21. Rad1 Be6 22. Rd4 Rac8 23. Rf4+ Ke7 24. Rh4 h5 25. Bd3 Rg8 26. c4 Kf6 27. cxd5 Bxd5 28. Rf4+ Kg7 29. Re7+ Kh6 30. h4 Rg7 31. Re5 Bxa2 32. Ra5 Bb1 33. Bxb1 Rc1+ 34. Kh2 Rxb1 35. Rxa7 g5 36. hxg5+ Rxg5 37. Ra2 Rbb5 38. Rf8 Rg7 39. Rd2 Rbg5 40. Rh8+ Rh7 41. Rd6+ Rg6 42. Rxh7+ Kxh7 43. Rd5 Kh6 44. Rb5 b6 45. Kh3 Rc6 46. f4 Rf6 47. g3 Rg6 48. Rd5 Rg4 49. Re5 Rg8 50. Re6+ Rg6 51. Re8 Kh7 52. Re5 Kh6 53. Rb5 Rg4 54. Rxb6+ Kg7 55. Ra6 Kh7 56. Ra1 Rg8 57. Rh1 Ra8 58. Kh4 Kh6 59. Re1 Rg8 60. Re6+ Kh7 61. Kh3 Rg7 62. Re8 Rg4 63. Re1 Rg8 64. Rh1 Ra8 65. Rf1 Rg8 66. Rf3 Kh6 67. f5 Rf8 68. Kh4 Rf6 69. g4 hxg4 70. Kxg4 Kg7 71. Kg5 Ra6 72. Rb3 Kf7 1/2-1/2

[Event "Bern"]
[Site "Bern"]
[Date "1991.??.??"]
[Round "2"]
[White "Gavrikov, Viktor"]
[Black "Barbero, Gerardo F"]
[Result "1-0"]
[WhiteElo "2580"]
[BlackElo "2495"]
[PlyCount "61"]
[EventDate "1991.02.??"]
[Source "ChessBase"]

1. d4 Nf6 2. c4 g6 3. Nc3 Bg7 4. e4 d6 5. f3 O-O 6. Be3 Nbd7 7. Nge2 e5 8. Qd2 c6 9. Rd1 a6 10. dxe5 dxe5 11. c5 Ne8 12. Nc1 Qe7 13. Nb3 Kh8 14. Bc4 f5 15. O-O f4 16. Bf2 Ndf6 17. Na4 g5 18. Nb6 Rb8 19. Qd8 Qc7 20. Rd6 g4 21. Rfd1 gxf3 22. Qxc7 Nxc7 23. Nxc8 Rfxc8 24. gxf3 Nb5 25. R6d2 Bf8 26. a4 Nc7 27. Bh4 Be7 28. Rd7 Rd8 29. Rxd8+ Rxd8 30. Rxd8+ Bxd8 31. Na5 1-0

[Event "World Cities"]
[Site "Jakarta "]
[Date "1997.??.??"]
[Round "10"]
[White "Nenashev, Alexander"]
[Black "Mariano, Nelson"]
[Result "1-0"]
[WhiteElo "2585"]
[BlackElo "2490"]
[PlyCount "59"]
[EventDate "1997.07.08"]
[Source "www.chesslib.no"]
[SourceDate "2004.05.04"]

1. d4 Nf6 2. c4 g6 3. Nc3 Bg7 4. e4 d6 5. f3 O-O 6. Be3 e5 7. Nge2 c6 8. Qd2 Nbd7 9. O-O-O a6 10. Kb1 b5 11. c5 d5 12. exd5 Nxd5 13. Nxd5 cxd5 14. h4 Qe7 15. Bg5 f6 16. Be3 Rd8 17. h5 Nf8 18. hxg6 hxg6 19. g4 Ra7 20. Ka1 Rc7 21. Rg1 Ne6 22. Rc1 Bb7 23. f4 exd4 24. Nxd4 Nxc5 25. Rxc5 Rxc5 26. Bd3 Re8 27. Bf2 Qf7 28. Qd1 Rc7 29. Qb1 Re4 30. f5 1-0

[Event "Kavala op 8th"]
[Site "?"]
[Date "1998.08.15"]
[Round "5"]
[White "Graf Alexander"]
[Black "Anagnostopoulos Dimitrios"]
[Result "1-0"]
[WhiteElo "2625"]
[BlackElo "2445"]
[PlyCount "95"]
[EventDate "1998.??.??"]
[Source "www.chesslib.no"]
[SourceDate "2004.05.04"]

1. d4 Nf6 2. c4 g6 3. Nc3 Bg7 4. e4 d6 5. f3 O-O 6. Be3 e5 7. Nge2 c6 8. Qd2 Nbd7 9. O-O-O a6 10. Kb1 b5 11. c5 Qe7 12. cxd6 Qxd6 13. dxe5 Qxd2 14. Rxd2 Nxe5 15. Nc1 Be6 16. Nb3 a5 17. Nc5 Bc4 18. b3 Bxf1 19. Rxf1 a4 20. Kc2 axb3+ 21. axb3 Rfd8 22. Rfd1 Rxd2+ 23. Rxd2 Bf8 24. h3 Be7 25. f4 Bxc5 26. Bxc5 Ned7 27. Be7 Re8 28. Ba3 c5 29. Nxb5 Rxe4 30. g4 Nf8 31. Bxc5 Ne6 32. Be7 Rxf4 33. Nc3 h5 34. gxh5 Nxh5 35. b4 Ng3 36. Bd6 Rf3 37. b5 Nf5 38. b6 Ned4+ 39. Kb2 Rxc3 40. Kxc3 Nb5+ 41. Kc4 Nbxd6+ 42. Kd5 Kf8 43. Re2 Nb7 44. Kc6 Na5+ 45. Kd7 Nd4 46. Re5 Ndc6 47. Rc5 Nb8+ 48. Kc8 1-0

[Event "Calcutta op"]
[Site "Calcutta"]
[Date "1996.??.??"]
[Round "3"]
[White "Graf, Alexander"]
[Black "Thipsay, Praveen Mahadeo"]
[Result "1-0"]
[WhiteElo "2595"]
[BlackElo "2475"]
[PlyCount "59"]
[EventDate "1996.02.??"]
[Source "ChessBase"]

1. d4 Nf6 2. c4 g6 3. Nc3 Bg7 4. e4 d6 5. f3 O-O 6. Be3 e5 7. Nge2 c6 8. Qd2 Nbd7 9. O-O-O a6 10. Kb1 Qe7 11. d5 c5 12. g4 b5 13. Ng3 Nb6 14. Rc1 Ne8 15. h4 Nc7 16. h5 bxc4 17. hxg6 fxg6 18. Qh2 Bh8 19. Bxc5 dxc5 20. d6 Qf7 21. dxc7 Be6 22. Rd1 Rfe8 23. Rd6 Nd7 24. Rxe6 Rxe6 25. Bxc4 Nf8 26. Nf5 Bg7 27. Nd5 gxf5 28. gxf5 Kh8 29. fxe6 Qxe6 30. Qh3 1-0

[Event "TCh-BIH"]
[Site "Jahorina"]
[Date "2003.06.22"]
[Round "3"]
[White "Jeremic, Veljko"]
[Black "Kozul, Zdenko"]
[Result "1-0"]
[WhiteElo "2462"]
[BlackElo "2601"]
[PlyCount "90"]
[EventDate "2003.06.21"]
[Source "Roberto Alvarez"]
[SourceDate "2003.07.07"]

1. d4 Nf6 2. c4 g6 3. Nc3 Bg7 4. e4 d6 5. f3 O-O 6. Be3 c6 7. Qd2 e5 8. Nge2 Nbd7 9. d5 Nb6 10. b3 cxd5 11. cxd5 Nh5 12. Nb5 a6 13. Na3 f5 14. Qa5 Nd7 15. Qxd8 Rxd8 16. Nc4 fxe4 17. fxe4 b5 18. Na5 Nhf6 19. Ng3 Nc5 20. Nc6 Re8 21. Bxc5 dxc5 22. a4 Bd7 23. Rc1 h5 24. axb5 axb5 25. Bxb5 h4 26. Ne2 Bh6 27. Rd1 Ra2 28. h3 Nxe4 29. O-O Kg7 30. Ra1 Rea8 31. Rxa2 Rxa2 32. Bd3 Be3+ 33. Kh2 Ng3 34. Nxg3 Bf4 35. Rxf4 hxg3+ 36. Kxg3 exf4+ 37. Kf3 Kf6 38. h4 Rd2 39. Be4 g5 40. hxg5+ Kxg5 41. Ne5 Bf5 42. Nf7+ Kf6 43. Nd6 Bd7 44. Kxf4 Rb2 45. Nb7 Bb5 1-0

[Event "CSR-ch"]
[Site "Brno"]
[Date "1975.??.??"]
[Round "14"]
[White "Suetin, Alexey S"]
[Black "Uhlmann, Wolfgang"]
[Result "1/2-1/2"]
[WhiteElo "2520"]
[BlackElo "2535"]
[PlyCount "37"]
[EventDate "1975.??.??"]
[Source "ChessBase"]

1. d4 Nf6 2. c4 g6 3. Nc3 Bg7 4. e4 d6 5. f3 O-O 6. Be3 e5 7. Nge2 c6 8. Qd2 Nbd7 9. Rd1 a6 10. dxe5 dxe5 11. c5 Qe7 12. Na4 Ne8 13. Nc1 f5 14. Bc4+ Kh8 15. O-O Nef6 16. exf5 gxf5 17. Rfe1 Re8 18. Bb3 Rb8 19. Bh6 1/2-1/2

[Event "Karditsa"]
[Site "Karditsa"]
[Date "1996.??.??"]
[Round "4"]
[White "Graf, Alexander"]
[Black "Anagnostopoulos, Dimitri"]
[Result "1/2-1/2"]
[WhiteElo "2595"]
[BlackElo "2460"]
[PlyCount "94"]
[EventDate "1996.03.??"]
[Source "ChessBase"]

1. d4 Nf6 2. c4 g6 3. Nc3 Bg7 4. e4 d6 5. f3 O-O 6. Be3 e5 7. Nge2 c6 8. Qd2 Nbd7 9. O-O-O a6 10. Kb1 b5 11. c5 exd4 12. Nxd4 Ne5 13. cxd6 Qxd6 14. Nb3 Qxd2 15. Rxd2 a5 16. Be2 Be6 17. Nc5 Bc4 18. b3 Bxe2 19. Nxe2 Rfd8 20. Rhd1 Rxd2 21. Rxd2 Bf8 22. Rc2 a4 23. Bd4 axb3 24. axb3 Re8 25. Nc1 Bxc5 26. Rxc5 Nfd7 27. Rc2 Re6 28. Ra2 f5 29. exf5 gxf5 30. Ne2 Nd3 31. Rd2 c5 32. Rxd3 Rxe2 33. Bb2 Nf8 34. Rd5 Ne6 35. Rxf5 Rxg2 36. Re5 Nf4 37. Bc3 b4 38. Re4 Nd3 39. Be5 c4 40. bxc4 b3 41. Bd4 Rxh2 42. Rg4+ Kf7 43. Rg1 Rh4 44. Be3 Rxc4 45. Rh1 Kg6 46. Rh6+ Kg7 47. Rd6 Ne1 1/2-1/2

[Event "Bad Woerishofen op"]
[Site "Bad Woerishofen"]
[Date "1994.??.??"]
[Round "4"]
[White "Paehtz, Thomas Sr"]
[Black "Cvitan, Ognjen"]
[Result "1/2-1/2"]
[WhiteElo "2480"]
[BlackElo "2570"]
[PlyCount "41"]
[EventDate "1994.03.??"]
[Source "ChessBase"]

1. d4 Nf6 2. c4 g6 3. Nc3 Bg7 4. e4 d6 5. f3 O-O 6. Be3 e5 7. Nge2 c6 8. Qd2 Nbd7 9. O-O-O a6 10. Bh6 Bxh6 11. Qxh6 b5 12. h4 Qa5 13. h5 b4 14. Nb1 Qxa2 15. Rd2 Nb6 16. c5 Nc4 17. cxd6 Na5 18. dxe5 Nb3+ 19. Kc2 Na1+ 20. Kc1 Nb3+ 21. Kc2 1/2-1/2

[Event "HUN-DDR U30 m"]
[Site "Budapest HUN"]
[Date "1981.11.04"]
[Round "1.1"]
[White "Knaak, Rainer F A"]
[Black "Sax, Gyula"]
[Result "0-1"]
[WhiteElo "2495"]
[BlackElo "2550"]
[PlyCount "66"]
[EventDate "1981.11.04"]
[Source "www.chesslib.no"]
[SourceDate "2004.05.04"]

1. d4 Nf6 2. c4 g6 3. Nc3 Bg7 4. e4 d6 5. f3 O-O 6. Be3 e5 7. Nge2 c6 8. Qd2 exd4 9. Bxd4 Be6 10. Nf4 c5 11. Be3 Nc6 12. h4 h5 13. O-O-O Nd4 14. Nb5 Nxb5 15. Nxe6 fxe6 16. cxb5 d5 17. Kb1 dxe4 18. Qc2 Qe8 19. Bc4 Kh7 20. Rd6 Nd5 21. Qxe4 Nxe3 22. Qxe3 Rd8 23. Rxe6 Qf7 24. Bb3 Rfe8 25. Re1 Qf5+ 26. Re4 Rd4 27. Bc2 Rb4 28. Qa3 Qf6 29. Bb3 Rexe4 30. fxe4 Qxh4 31. g3 Qh2 32. e5 Qf2 33. Rd1 Bxe5 0-1

[Event "XI Festival"]
[Site "Voronezh RUS"]
[Date "2007.06.20"]
[Round "8"]
[White "Gasanov, E."]
[Black "Novikov, St"]
[Result "1-0"]
[WhiteElo "2486"]
[BlackElo "2556"]
[PlyCount "79"]
[EventDate "2007.06.12"]
[Source "www.chesslib.no"]
[SourceDate "2004.05.04"]

1. d4 d6 2. c4 g6 3. Nc3 Bg7 4. e4 Nf6 5. f3 O-O 6. Be3 e5 7. Nge2 c6 8. Qd2 Nbd7 9. O-O-O a6 10. Kb1 b5 11. Nc1 Bb7 12. dxe5 dxe5 13. Nb3 Qc7 14. Qf2 Nh5 15. g3 Kh8 16. Bh3 Bc8 17. Bxd7 Bxd7 18. Bb6 Qc8 19. Nc5 Be6 20. Nxe6 Qxe6 21. Qc5 Rfc8 22. Qd6 Qxc4 23. b3 Qe6 24. Qxe6 fxe6 25. Rd6 Rab8 26. Be3 Rb7 27. Rxe6 Rf7 28. Rf1 Bf6 29. Kc2 Ng7 30. Rd6 Ne8 31. Re6 Kg8 32. Bh6 Rd7 33. f4 Kf7 34. f5 g5 35. h4 gxh4 36. g4 Rd4 37. g5 Bh8 38. Rh1 b4 39. Ne2 Rxe4 40. Kd3 1-0

[Event "Russia 73/656"]
[Site "?"]
[Date "1998.??.??"]
[Round "?"]
[White "Dyachkov, Sergej"]
[Black "Zakharevich, Igor"]
[Result "0-1"]
[WhiteElo "2510"]
[BlackElo "2530"]
[PlyCount "126"]
[EventDate "1998.??.??"]
[Source "ChessBase"]
[SourceDate "1998.06.01"]

1. d4 Nf6 2. c4 g6 3. Nc3 Bg7 4. e4 d6 5. f3 c6 6. Be3 O-O 7. Qd2 e5 8. Nge2 Nbd7 9. O-O-O a6 10. g4 b5 11. d5 cxd5 12. Nxd5 Nxd5 13. cxd5 Nb6 14. Ng3 Bd7 15. Kb1 Rc8 16. h4 Na4 17. h5 b4 18. hxg6 Nc3+ 19. Ka1 Nxa2 20. gxh7+ Kh8 21. Kxa2 Qa5+ 22. Kb1 Ba4 23. Bb6 Qxb6 24. Rc1 Bb3 25. Bc4 Rxc4 26. Rxc4 Qa5 27. Qxb4 Qa2+ 28. Kc1 Bxc4 29. Kd2 Qb3 30. Qxb3 Bxb3 31. Nf5 Rd8 32. Nxg7 Kxg7 33. g5 Bc4 34. Rh6 Bb5 35. Ke3 Rh8 36. Rxd6 Rxh7 37. Rf6 Rh2 38. f4 exf4+ 39. Kxf4 Rxb2 40. Rb6 Rf2+ 41. Ke5 Re2 42. Kd4 Rg2 43. e5 Rxg5 44. Rb7 Rg4+ 45. Kc5 Kg6 46. Kd6 Rd4 47. Kc5 Rd1 48. Ra7 Bf1 49. e6 fxe6 50. dxe6 Kf6 51. e7 Kf7 52. Kb4 Rc1 53. Kb3 Rc6 54. Kb4 Bh3 55. Ka5 Bc8 56. Kb4 Ke8 57. Ka5 Rc5+ 58. Ka4 Rc1 59. Ka3 Ra1+ 60. Kb2 Ra5 61. Kc3 Rb5 62. Ra8 Rc5+ 63. Kb4 Rc7 0-1

[Event "Copenhagen Open 15th"]
[Site "Copenhagen DEN"]
[Date "1993.??.??"]
[Round "5"]
[White "Khenkin, Igor"]
[Black "Mortensen, Erling"]
[Result "1-0"]
[WhiteElo "2575"]
[BlackElo "2445"]
[PlyCount "65"]
[EventDate "1993.06.??"]
[Source "www.chesslib.no"]
[SourceDate "2004.05.04"]

1. d4 Nf6 2. c4 g6 3. Nc3 Bg7 4. e4 d6 5. f3 O-O 6. Be3 e5 7. Nge2 c6 8. Qb3 Nbd7 9. O-O-O exd4 10. Nxd4 Qe7 11. Qa3 Re8 12. Be2 Ne5 13. g4 a6 14. g5 Nh5 15. Kb1 f5 16. exf5 gxf5 17. f4 Ng4 18. Bc1 Qf7 19. Rhf1 c5 20. Nc2 Bxc3 21. Bxg4 fxg4 22. Qxc3 Bf5 23. Ka1 Re2 24. Ne3 Re8 25. Rxd6 g3 26. Nxf5 Qxf5 27. hxg3 Qh3 28. Qf3 Nxg3 29. Rg1 Re1 30. Qd5+ Kg7 31. Rxe1 Rxe1 32. Rd7+ Kh8 33. Rd8+ 1-0

[Event "St Petersburg-Paris"]
[Site "Paris"]
[Date "1996.??.??"]
[Round "4"]
[White "Nepomnishay, Mikhail I"]
[Black "Apicella, Manuel"]
[Result "0-1"]
[WhiteElo "2470"]
[BlackElo "2540"]
[PlyCount "44"]
[EventDate "1996.02.??"]
[Source "ChessBase"]

1. d4 Nf6 2. c4 g6 3. Nc3 Bg7 4. e4 d6 5. f3 O-O 6. Be3 e5 7. Nge2 c6 8. Qd2 Nbd7 9. O-O-O a6 10. Bh6 b5 11. h4 Qa5 12. h5 Bxh6 13. Qxh6 b4 14. Nb1 Qxa2 15. Rd2 Nb6 16. c5 Nc4 17. Rc2 Na5 18. hxg6 fxg6 19. cxd6 Nb3+ 20. Kd1 Qxb1+ 21. Nc1 Nxd4 22. Rxc6 Nxc6 0-1

[Event "GRE-ch"]
[Site "Athens"]
[Date "1996.??.??"]
[Round "1"]
[White "Papaioannou, Ioannis"]
[Black "Anagnostopoulos, Dimitri"]
[Result "1/2-1/2"]
[WhiteElo "2495"]
[BlackElo "2515"]
[PlyCount "63"]
[EventDate "1996.08.15"]
[Source "ChessBase"]

1. d4 Nf6 2. c4 g6 3. Nc3 Bg7 4. e4 d6 5. f3 O-O 6. Be3 e5 7. Nge2 c6 8. dxe5 dxe5 9. Qxd8 Rxd8 10. Rd1 Rxd1+ 11. Kxd1 Nbd7 12. Nc1 Nf8 13. Nb3 Ne6 14. Bd3 Nd7 15. Kc1 Nd4 16. Rd1 b6 17. Bf1 c5 18. Nb5 Bb7 19. Kb1 a6 20. Nc7 Rc8 21. Nd5 Kf8 22. Nxd4 exd4 23. Bf4 Bxd5 24. exd5 Ne5 25. Re1 Re8 26. Kc2 f5 27. Bd2 Nf7 28. Bd3 Bh6 29. Rxe8+ Kxe8 30. f4 Nd6 31. g3 b5 32. b3 1/2-1/2

[Event "Baden-Baden-B"]
[Site "Baden-Baden"]
[Date "1992.??.??"]
[Round "9"]
[White "Bischoff, Klaus"]
[Black "Brunner, Lucas"]
[Result "1/2-1/2"]
[WhiteElo "2510"]
[BlackElo "2490"]
[PlyCount "45"]
[EventDate "1992.12.??"]
[Source "ChessBase"]

1. c4 g6 2. Nc3 Bg7 3. d4 Nf6 4. e4 d6 5. f3 O-O 6. Be3 e5 7. Nge2 c6 8. Qd2 Nbd7 9. O-O-O a6 10. Kb1 b5 11. Nc1 exd4 12. Bxd4 Re8 13. Nb3 Bf8 14. h4 b4 15. Ne2 a5 16. h5 c5 17. Be3 a4 18. Nbc1 Nxh5 19. Bg5 Be7 20. Bxe7 Qxe7 21. g4 Ng7 22. Nf4 Bb7 23. Qxd6 1/2-1/2